Doña Barbara / (Registro nro. 13453)

Detalles MARC
000 -LIDER
fixed length control field 00735nam a22002537a 4500
003 - IDENTIFICACDOR DE NÚMERO DE CONTROL
control field DO-SdBNP
005 - DATE AND TIME OF LATEST TRANSACTION
control field 20220715104001.0
008 - ELEMENTOS DE LONGITUD FIJA
fixed length control field 160721b 1999 v |||| 00| 0 spa d
020 ## - ISBN
International Standard Book Number 9803662295
040 ## - FUENTE DE CATALOGACIÓN
Agencia que crea de manera original el registro BPMSU
Idioma de catalogación spa
Agencia que realiza la transcripción BPMSU
082 ## - NÚMERO DE CLASIFICACIÓN DECIMAL DE DEWEY
Classification number V863.42
Item number G135d 1999
Edition number 22
100 1# - ASIENTO PRINCIPAL -- NOMBRE PERSONAL
Nombre personal Gallegos, Rómulo,
Fechas asociadas con el nombre 1884-1969
245 10 - MENCIÓN DE TITULO
Título Doña Barbara /
Mención de responsabilidad Rómulo Gallegos ; prólogo Efraín Subero
250 ## - MENCIÓN DE EDICION
Mención de edición 3a ed.
260 ## - PUBLICACIÓN, DISTRIBUCIÓN, ETC. (PIE DE IMPRENTA)
Lugar de publicación, distribución, etc Quito, Ecuador :
Nombre del editor, distribuidor, etc. Libresa,
Fecha de publicación, distribución, etc 1999
300 ## - DESCRIPCIÓN FÍSICA
Extensión 96 p. :
Dimensiones 22 cm.
500 ## - NOTA GENERAL
Materiales especificados Incluye datos biográficos del autor en la contracubierta
590 ## - NOTA LOCAL
Enlace Inventariado, 20121/VM
650 #4 - ENCABEZAMIENTO DE MATERIA--TEMÁTICO
Término temático o nombre geográfico como elemento de entrada Novela venezolana.
700 1# - ASIENTO SECUNDARIO -- NOMBRE PERSONAL
Nombre personal Subero, Efraín
Mención de responsabilidad pról.
830 ## - ASIENTO SECUNDARIO DE SERIE--TÍTULO UNIFORME
Título uniforme
910 ## - VALIDACIÓN
Validación VMateo
942 ## - ADDED ENTRY ELEMENTS (KOHA)
Source of classification or shelving scheme Dewey Decimal Classification
Koha item type Libros
Existencias
Withdrawn status Lost status Source of classification or shelving scheme Damaged status Not for loan Collection code Home library Current library Date acquired Full call number Barcode Date last seen Price effective from Koha item type
    Dewey Decimal Classification     Colección Juvenil Dominicana Biblioteca Pública Metropolitana Salomé Ureña Biblioteca Pública Metropolitana Salomé Ureña 05/05/2021 BPMSU CG V863.42 G135d 1999 BPMSU21050005 05/05/2021 05/05/2021 Libros